000 00583nam a2200205Ia 4500
001 14991
003 GE_BSU
008 181216s||||||||xx |||||||||||||| ||und||
040 _cGE_BSU
080 _a512.66
100 _aБурбаки,Н.
245 _aАлгебра. Гл.х. гомологическая алгебра
245 _cПод.ред.А.И.Кострикова
260 _aМосква
260 _bНаука
260 _c1987
300 _a182стр.27см.
653 _aАлгебра. Гл.х. гомологическая алгебра
942 _cBK
999 _c48110
_d48110